| 000 | 00863nam a22002537a 4500 | ||
|---|---|---|---|
| 003 | OSt | ||
| 005 | 20221121105500.0 | ||
| 008 | 221121s2009 ii a|||| |||| 00| 0 eng | | ||
| 020 | _a9788131725634 | ||
| 040 |
_aDLC _bDLC _cDLC _dCL.UB |
||
| 082 |
_a337 _223 _bKRI |
||
| 100 | 1 | _aKrugman, Paul R. | |
| 245 | 1 | 0 |
_aInternational economics : _btheory and policy / _cby Paul R. krugman and Maurice Obstfeld. |
| 250 | _a8h ed. | ||
| 260 |
_aIndia : _bPearson, _c c2011 |
||
| 300 |
_axxviii, 706 p. : _bill ; _c24 cm |
||
| 504 | _aIncludes bibliographical references and index. | ||
| 650 | _aComparative advantage (International trade)--Econometric models | ||
| 650 | _aCompetition, International--Econometric models | ||
| 650 | _aInternational economic relations--Econometric models | ||
| 700 | _aObstfeld, Maurice. | ||
| 942 |
_2ddc _cBK _n0 |
||
| 999 |
_c1058 _d1058 |
||